Municipal development sector review August 18, 1994. (Record no. 542455)

000 -LEADER
fixed length control field 00438nam a22001457a 4500
082 ## - DEWEY DECIMAL CLASSIFICATION NUMBER
Classification number 307.1216
Author Mark MUN
-- D
110 ## - MAIN ENTRY--CORPORATE NAME
Corporate name or jurisdiction name as entry element Urban Development Division
9 (RLIN) 37637
245 ## - TITLE STATEMENT
Title Municipal development sector review August 18, 1994.
260 ## - PUBLICATION, DISTRIBUTION, ETC.
Place of publication, distribution, etc. 1994.
Name of publisher, distributor, etc. Urban Development Division'
Date of publication, distribution, etc. 1994
300 ## - PHYSICAL DESCRIPTION
Extent vii,59p.
526 ## - STUDY PROGRAM INFORMATION NOTE
Program name 0
Interest level 0
Reading level 0
Title point value 307_121600000000000_MUN
526 ## - STUDY PROGRAM INFORMATION NOTE
Program name 0
Interest level 0
Reading level 0
Title point value 307_121600000000000_MUN
650 ## - SUBJECT ADDED ENTRY--TOPICAL TERM
Topical term or geographic name entry element MCE
9 (RLIN) 379
942 ## - ADDED ENTRY ELEMENTS (KOHA)
Source of classification or shelving scheme
Koha item type Book
Holdings
Withdrawn status Lost status Source of classification or shelving scheme Damaged status Not for loan Permanent Location Current Location Date acquired Total Checkouts Full call number Barcode Date last seen Price effective from Koha item type
          Military College of Engineering (MCE) Military College of Engineering (MCE) 12/23/2013   307.1216 MUN MCE-43180 12/23/2013 12/23/2013 Book
          Military College of Engineering (MCE) Military College of Engineering (MCE) 12/23/2013   307.1216 MUN MCE-43181 12/23/2013 12/23/2013 Book
© 2023 Central Library, National University of Sciences and Technology. All Rights Reserved.